000 00883cam a22001934a 4500
005 20250605164338.0
008 250528s ||||||||||||||||||||||||d
035 _a23518
040 _aGR-AtMCL
_bgre
_dGR-AtMCL
_eAACR2
245 1 _aThe Challenges of Educating Minorities/The Case of Pomaks in Western Thrace, Greece
260 _c2018
300 _a73
520 _aOutline of the Research, Introduction, Methodology, Review of Literature, Pomak Background, Religion, Language, Pomak Origin, Population, Pomak Identity, Education of Pomaks, Results, Analysis and Discussion, Identity Crisis, Quality of Minority Education, Successful Integration and Inclusion, Summary and Conclusion, Critical Reflection on Findings, References, Appendices.
700 1 _aDimitropoulos Georgios
_99090
700 1 _aRozou Vana
_99091
942 _cDS
999 _c8521
_d8521